|
|
|
|
| LEADER |
00957nab a2200277 i 4500 |
| 001 |
publ28677 |
| 005 |
20231113085816.0 |
| 008 |
231113s2015 hu o 0|| Angol d |
| 022 |
|
|
|a 0304-3975
|
| 024 |
7 |
|
|a 10.1016/j.tcs.2015.06.045
|2 doi
|
| 024 |
7 |
|
|a 2912778
|2 mtmt
|
| 040 |
|
|
|a SZTE Publicatio Repozitórium
|b hun
|
| 041 |
|
|
|a Angol
|
| 100 |
1 |
|
|a Balogh János
|
| 245 |
1 |
0 |
|a Offline black and white bin packing
|h [elektronikus dokumentum] /
|c Balogh János
|
| 260 |
|
|
|c 2015
|
| 300 |
|
|
|a 92-101
|
| 490 |
0 |
|
|a THEORETICAL COMPUTER SCIENCE
|v 596
|
| 650 |
|
4 |
|a Számítás- és információtudomány
|
| 700 |
0 |
1 |
|a Békési József
|e aut
|
| 700 |
0 |
1 |
|a Dósa György
|e aut
|
| 700 |
0 |
1 |
|a Epstein L.
|e aut
|
| 700 |
0 |
1 |
|a Kellerer H.
|e aut
|
| 700 |
0 |
1 |
|a Tuza Zsolt
|e aut
|
| 856 |
4 |
0 |
|u http://publicatio.bibl.u-szeged.hu/28677/1/bw-online_0120.pdf
|z Dokumentum-elérés
|
| 856 |
4 |
0 |
|u http://publicatio.bibl.u-szeged.hu/28677/3/2912778_megjelent.pdf
|z Dokumentum-elérés
|